Chemistry : Visualizing Matter /

Contenido: 1) La ciencia de la química; 2) Materia y energía; 3) Estructura atómica; 4) Periodicidad; 5) Compuestos iónicos; 6) Compuestos covalentes; 7) Ecuaciones químicas; 8) Estequiometría; 9) Causas del cambio; 10) Gases y condensación; 11) Soluciones; 12) Equilibrio químico; 13) Acidos y bases...

Descripción completa

Guardado en:
Detalles Bibliográficos
Autor principal: Tocci, Salvatore (autor)
Otros autores: Viehland, Claudia (autor) (autor)
Formato: Libro
Idioma:Inglés
Publicado: Nueva York, EUA : Holt, Rinehart and Winston, 1998, c1996
Temas:
Etiquetas: Agrega una etiqueta
Sin etiquetas, Sé el primero en etiquetar este registro!

MARC

LEADER 00000nam^a2200000^a^4500
001 000272754
005 20250521000000.0
009 20260310111110.221
020 |a 0-03-000194-3 
037 |a Acervo ITESO - Biblioteca 
041 |a ING 
082 |a 540.  |b TOC 
100 |a Tocci, Salvatore  |e (autor) 
245 1 0 |a Chemistry :  |b Visualizing Matter /  |c S. Tocci, C. Viehland. 
264 4 |a Nueva York, EUA :  |b Holt, Rinehart and Winston,  |c 1998, c1996 
300 |a 848 p. 
336 |a texto  |b txt  |2 rdacontenido 
337 |a sin mediación  |b n  |2 rdamedio 
338 |a volumen  |b nc  |2 rdasoporte 
520 |a Contenido: 1) La ciencia de la química; 2) Materia y energía; 3) Estructura atómica; 4) Periodicidad; 5) Compuestos iónicos; 6) Compuestos covalentes; 7) Ecuaciones químicas; 8) Estequiometría; 9) Causas del cambio; 10) Gases y condensación; 11) Soluciones; 12) Equilibrio químico; 13) Acidos y bases; 14) Tiempo de reacción; 15) Electroquímica; 16) Química nuclear. Investigaciones y exploraciones en laboratorio. 
649 |a XX 
650 |a Estructura Química 
650 |a Materia -  |x Propiedades 
650 |a Química -  |x Tema Principal 
700 |a Viehland, Claudia  |e (autor) 
910 |a Fondo General 
920 |a Impresos - Libros 
930 |a Colección General 
905 |a 101 
901 |a 0500158186  |b IT1  |c ACC  |u 20250521 
902 |a https://opac.biblio.iteso.mx/vufind/Record/000272754